00466nam a2200157Ia 4500008004100000020001800041040001300059082001500072100001900087245009400106250001100200260004800211300001000259500001800269650002100287191130s2003##################000#0#eng## a9780521573177 aACLcACL a427.02 MIN aMinkova, Donka aAlliteration and sound change in early EnglishcDonka Minkova, S. R. Anderson, J. Bresnan a1st ed aCambridgebCambridge Univeristy Pressc2003 a400 p aInclude Index aEnglish language